000 00457nam a22001817a 4500
003 MPLRDC
005 20220104124041.0
008 210129b ||||| |||| 00| 0 eng d
082 _a889 LMSJ v.940
100 _a雷契尔. 弗德
245 _a闯入者
_c黄葵译
250 _a初版
260 _a
_b骏马文化公司
_c1989
300 _b
490 _a罗曼史集. 940
650 _a西洋小说之中文翻译
942 _cBK
_o889 LMSJ v.940
999 _c16258
_d16248